SOFTWARE PROJECT MANAGEMENT A UNIFIED FRAMEWORK (Record no. 287302)

MARC details
000 -LEADER
fixed length control field 00400pam a2200157a 44500
008 - FIXED-LENGTH DATA ELEMENTS--GENERAL INFORMATION
fixed length control field 230405s2004 xxu||||| |||| 00| 0 eng d
041 ## - LANGUAGE CODE
Language code of text/sound track or separate title ENG
100 ## - MAIN ENTRY--PERSONAL NAME
Personal name WALKER ROYCE
245 ## - TITLE STATEMENT
Title SOFTWARE PROJECT MANAGEMENT A UNIFIED FRAMEWORK
250 ## - EDITION STATEMENT
Edition statement 2006
260 ## - PUBLICATION, DISTRIBUTION, ETC.
Place of publication, distribution, etc. NEW DELHI
Name of publisher, distributor, etc. PEARSON EDUCATION
Date of publication, distribution, etc. 2004
300 ## - PHYSICAL DESCRIPTION
Extent 406
650 ## - SUBJECT ADDED ENTRY--TOPICAL TERM
Topical term or geographic name entry element SOFTWARE PROJECT MANAGEMENT
690 ## - LOCAL SUBJECT ADDED ENTRY--TOPICAL TERM (OCLC, RLIN)
Topical term or geographic name as entry element MCA
906 ## - LOCAL DATA ELEMENT F, LDF (RLIN)
a 6491
Holdings
Withdrawn status Lost status Damaged status Not for loan Collection Home library Current library Shelving location Date acquired Source of acquisition Cost, normal purchase price Total Checkouts Barcode Date last seen Price effective from Koha item type
          Yashwantrao Mohite Institute of Management, Karad Yashwantrao Mohite Institute of Management, Karad   15/04/2007 COMPUTER HUT 281.25   YMK-MCK-26315 17/04/2023 17/04/2023 Book
          Yashwantrao Mohite Institute of Management, Karad Yashwantrao Mohite Institute of Management, Karad   15/04/2007 COMPUTER HUT 281.25   YMK-MCK-26312 17/04/2023 17/04/2023 Book
          Yashwantrao Mohite Institute of Management, Karad Yashwantrao Mohite Institute of Management, Karad   15/04/2007 COMPUTER HUT 281.25   YMK-MCK-26311 17/04/2023 17/04/2023 Book